000 00935nam a22003017a 4500
001 7723
003 FISKH
005 20250819160216.0
008 250801b cb ||||| |||| 00| 0 eng d
020 _a9780618932658
040 _aDLC
_cDLC
_dDLC
_beng
050 _aPZ7.E2815 R
082 _a813.6
100 1 _aEgan, Tim
_d(1957-)
245 1 0 _aRoasted peanuts /
_cTim Egan.
250 _aThis edition first published in 2006
260 _aBoston :
_bHoughton Mifflin,
_c2006.
300 _a32 pages :
_bcolor illustrations ;
_c26 cm
505 _aP
520 _aSam the horse gets picked to be on the local baseball team, but unfortunately his friend Jackson the cat, despite being a good thrower, is not selected.
521 8 _a620
_bLexile
521 8 _aP
_bRaz-Plus
650 1 _aBaseball
_vFiction.
650 1 _aFriendship
_vFiction.
650 1 _aHorses
_vFiction.
942 _2ddc
_cBK
_n0
999 _c7723
_d7723